000 00794 a2200193 4500
010 _aENG-88816
020 _c200.00
035 _aEN-72349
037 _bDBAD / PUB
082 1 4 _a540
090 _c9441
_d9441
245 1 _aDisha's chemistry at your fingertips:
_cedited by Shikha Mishra
_bultimate book for quick reference & revision (useful for :IIT/AIEEE and other Med./Engg. entrance exams)/
260 _aNew Delhi
_bDisha Publications
_cn.d.
270 _aB-32, Basemant, Shivalik Main Road, Malviya Nagar,
_bNew Delhi
_e110 017
_maiets@rediffmail.com
_k011-26691021, 011-26691713
300 _a448 p.
_c24 cm. (Pbk).
700 1 _aMishra, Shikha
942 _adpl
_cEN
_k540 / DIS
999 _c9268
_d9268